France or UK? - Statistics

General Stats
  • This quiz has been taken 40 times
  • The average score is 7 of 10
Answer Stats
Question Answer % Correct
Who has red,blue and white? Both
100%
Who has built Big Ben? UK
97%
Who has more land area? France
89%
LAST QUESTION: Who has more mainland neighbors? France
89%
Who follows Christianity? Both
84%
Who has more GDP? UK
61%
Who has more population? UK
58%
Who's mainland is located on Europe? Both
50%
Who has more influence in the world? Both
26%
Who has red,blue and white? France
3%
No matching quizzes found
Score Distribution
Percent of People with Each Score
Percentile by Number Answered
Your Score History
You have not taken this quiz